Five centuries of English bookbinding /

Αποθηκεύτηκε σε:
Λεπτομέρειες βιβλιογραφικής εγγραφής
Κύριος συγγραφέας: Nixon, Howard M.
Μορφή: Βιβλίο
Γλώσσα:English
Έκδοση: London : Scolar Press, 1978.
Θέματα:
LEADER 00937nam a2200265 i 4500
001 c000242658
003 CARM
005 00000000000000.0
008 840308s1978 enkac b 001 0 eng d
019 1 |a 1361819  |5 LACONCORD2021 
020 |a 0859674118 
035 |a (OCoLC)4664540  |5 LACONCORD2021 
043 |a e-uk-en 
082 0 4 |a 095.0942 
100 1 |a Nixon, Howard M. 
245 1 0 |a Five centuries of English bookbinding /  |c [by] Howard M. Nixon. 
260 |a London :  |b Scolar Press,  |c 1978. 
300 |a 241 p. :  |b ill., 2 ports ;  |c 26 cm. 
500 |a Includes index. 
504 |a Bibliography: p. 225-232. 
650 0 |a Bookbinding  |z England  |x History. 
650 0 |a Bookbinding  |x Facsimiles. 
852 8 |b CARM  |h A2:AQ10G0  |i C08510  |p 0321401  |f BK 
999 f f |i 1483c660-b457-5518-8f2a-43a9619be6f2  |s 6215140c-1e5c-58fd-9c2c-558baf4b49b8 
952 f f |p Can circulate  |a CAVAL  |b CAVAL  |c CAVAL  |d CARM 1 Store  |e C08510  |f A2:AQ10G0  |h Other scheme  |i book  |m 0321401